La literatura italiana contemporánea

Sábháilte in:
Sonraí bibleagrafaíochta
Príomhchruthaitheoir: Ottavi, Antonie
Formáid: LEABHAR
Teanga:Undetermined
Foilsithe / Cruthaithe: México, Distrito Federal Fondo de Cultura Económica 1983
Ábhair:
Clibeanna: Cuir clib leis
Níl clibeanna ann, Bí ar an gcéad duine le clib a chur leis an taifead seo!

MARC

LEADER 00000nam a2200000Ia 4500
008 170316s9999 xx 000 0 und d
999 |c 8184  |d 8184 
040 |a cru BVZT 
090 |a 850 O-1L 
100 |a Ottavi, Antonie 
245 |a La literatura italiana contemporánea  |c / Antonie Ottavi 
260 |a México, Distrito Federal  |b Fondo de Cultura Económica  |c 1983 
300 |a 136 páginas 
650 |a LITERATURA ITALIANA  |9 212 
942 |c 15 D  |h 850 O-1L  |2 z